[Event "Samara Polugaevsky Memorial 7th"]
[Site "Samara"]
[Date "2017.07.14"]
[Round "7"]
[White "Mkhitaryan, Karen"]
[Black "Tolstykh, Dmitri"]
[Result "0-1"]
[WhiteElo "1293"]
[BlackElo "1607"]
[PlyCount "38"]
[EventDate "2017.07.08"]
[EventType "swiss"]
[EventRounds "9"]
[EventCountry "RUS"]
[SourceTitle "EXT 2018"]
[Source "ChessBase"]
[SourceDate "2017.10.13"]
[SourceVersion "1"]
[SourceVersionDate "2017.10.13"]
[SourceQuality "1"]

1. d4 d5 2. c4 e6 3. Nc3 c6 4. e3 Nf6 5. Nf3 Bd6 6. Bd2 0-0 7. Qc2 Nbd7 8. c5 Bc7 9. Bd3 e5 10. dxe5 Nxe5 11. Nd4 b6 12. Na4 Bb7 13. Bb4 b5 14. Bxb5 Ba5 15. Bxa5 Qxa5+ 16. Nc3 cxb5 17. f4 Nc4 18. h3 b4 19. Ncb5 Bc6 0-1

[Event "Samara Polugaevsky Memorial 6th"]
[Site "Samara"]
[Date "2016.07.09"]
[Round "7"]
[White "Mkhitaryan, Karen"]
[Black "Lysokon, Polina"]
[Result "0-1"]
[WhiteElo "1389"]
[BlackElo "1488"]
[PlyCount "82"]
[EventDate "2016.07.03"]
[EventType "swiss"]
[EventRounds "9"]
[EventCountry "RUS"]
[SourceTitle "EXT 2019"]
[Source "ChessBase"]
[SourceDate "2018.10.10"]
[SourceVersion "1"]
[SourceVersionDate "2018.10.10"]
[SourceQuality "1"]

1. d4 Nf6 2. c4 e6 3. Nc3 Bb4 4. Bd2 b6 5. e3 Bb7 6. Nf3 0-0 7. Be2 Bxc3 8. Bxc3 d5 9. 0-0 Ne4 10. Bb4 Re8 11. Rc1 Na6 12. Bc3 c5 13. a3 cxd4 14. Qxd4 Nxc3 15. Rxc3 Nc5 16. Qh4 Qxh4 17. Nxh4 dxc4 18. Rxc4 Red8 19. Rd1 Ba6 20. Rxd8+ Rxd8 21. Rd4 Rxd4 22. exd4 Bxe2 23. dxc5 bxc5 24. g3 Kf8 25. Ng2 Ke7 26. Ne3 Kd6 27. f4 Bd3 28. Kf2 c4 29. Ke1 Kc5 30. Kd2 Kd4 31. Ng4 f6 32. Nf2 e5 33. fxe5 fxe5 34. g4 e4 35. Nd1 g5 36. Ne3 Ke5 37. Ng2 h6 38. h3 Bf1 39. Ne3 Bxh3 40. Nxc4+ Kf4 41. Ne3 Bxg4 0-1